Biggest German Cities or Settlements by Letter - Statistics

General Stats
  • This quiz has been taken 1,366 times
  • The average score is 14 of 26
Answer Stats
Letter Population City % Correct
B 3,677,472 Berlin
100%
M 1,487,708 Munich
97%
F 759,224 Frankfurt
96%
H 1,853,935 Hamburg
96%
C 1,073,096 Cologne
95%
D 619,477 Düsseldorf
92%
N 510,632 Nuremberg
87%
E 579,432 Essen
84%
S 626,275 Stuttgart
84%
L 601,866 Leipzig
81%
A 296,478 Augsburg
59%
P 183,154 Potsdam
53%
U 126,949 Ulm
47%
K 306,502 Karlsruhe
44%
W 354,572 Wuppertal
44%
J 110,502 Jena
42%
R 208,400 Rostock
39%
I 138,016 Ingolstadt
37%
G 260,126 Gelsenkirchen
36%
T 110,570 Trier
26%
Z 86,592 Zwickau
23%
O 208,752 Oberhausen
22%
X 21,502 Xanten
20%
Q 23,341 Quedlinburg
16%
V 86,475 Villingen-Schwenningen
9%
Y 560 Yach
1%
No matching quizzes found
Score Distribution
Percent of People with Each Score
Percentile by Number Answered
Your Score History
You have not taken this quiz